MARC details
| 000 -CABECERA |
| campo de control de longitud fija |
01356cam a2200253 a 4500 |
| 001 - NÚMERO DE CONTROL |
| campo de control |
000005779 |
| 005 - FECHA Y HORA DE LA ÚLTIMA TRANSACCIÓN |
| campo de control |
20240514073716.0 |
| 008 - DATOS DE LONGITUD FIJA--INFORMACIÓN GENERAL |
| campo de control de longitud fija |
830126s1965 uy b f001 0 spa |
| 040 ## - FUENTE DE LA CATALOGACIÓN |
| Centro catalogador/agencia de origen |
DO-SdBNP |
| Centro/agencia transcriptor |
DLC |
| Centro/agencia modificador |
DLC |
| -- |
OCoLC |
| 082 ## - NÚMERO DE LA CLASIFICACIÓN DECIMAL DEWEY |
| Número de clasificación |
199.895 |
| Número de documento/Ítem |
V393e |
| 100 1# - ENTRADA PRINCIPAL--NOMBRE DE PERSONA |
| Nombre de persona |
Vázquez y Vega, Prudencio, |
| Fechas asociadas al nombre |
1853-1883. |
| 9 (RLIN) |
16352 |
| 245 10 - MENCIÓN DE TÍTULO |
| Título |
Escritos filosóficos / |
| Mención de responsabilidad, etc. |
Prudencio Vázquez y vega ; selección de Arturo Ardao ; prólogo de Sergio Pittaluga Stewart. |
| 260 ## - PUBLICACIÓN, DISTRIBUCIÓN, ETC. |
| Lugar de publicación, distribución, etc. |
Montevideo, Uruguay : |
| Nombre del editor, distribuidor, etc. |
Ministerio de Instrucción Pública y Previsión Social, |
| Fecha de publicación, distribución, etc. |
1965. |
| 300 ## - DESCRIPCIÓN FÍSICA |
| Extensión |
xxii, 228 p. ; |
| Dimensiones |
20 cm. |
| 490 1# - MENCIÓN DE SERIE |
| Mención de serie |
Biblioteca Artigas. |
| 490 1# - MENCIÓN DE SERIE |
| Mención de serie |
Clásicos uruguayos |
| Designación de volumen o secuencia |
93. |
| 504 ## - NOTA DE BIBLIOGRAFÍA, ETC. |
| Nota de bibliografía, etc. |
Incluye referencias bibliográficas. |
| 505 0# - NOTA DE CONTENIDO CON FORMATO |
| Nota de contenido con formato |
Biografía - Criterio de la edición - El derecho - La Humanidad - La filosofía en la época actual - Un pedazo de Caos - El dogmatismo empírico del Dr. Jurkowski - Una cuestión de política morales - Crítica de la evolucionista moral - Dominios de la Psicología y de la moral - Programa del Aula de Filosofía del Ateneo del Uruguay, año 1878 - Programa del Aula de Filosofía del Ateneo del Uruguay, año 1897. |
| 650 #0 - PUNTO DE ACCESO ADICIONAL DE MATERIA--TÉRMINO DE MATERIA |
| Término de materia o nombre geográfico como elemento de entrada |
Filosofía |
| 9 (RLIN) |
813 |
| 650 #4 - PUNTO DE ACCESO ADICIONAL DE MATERIA--TÉRMINO DE MATERIA |
| Término de materia o nombre geográfico como elemento de entrada |
Filosofía uruguaya |
| 9 (RLIN) |
16353 |
| 650 #0 - PUNTO DE ACCESO ADICIONAL DE MATERIA--TÉRMINO DE MATERIA |
| Término de materia o nombre geográfico como elemento de entrada |
Ética |
| 9 (RLIN) |
509 |
| 830 #0 - PUNTO DE ACCESO ADICIONAL DE SERIE-TÍTULO UNIFORME |
| Título uniforme |
Biblioteca Artigas. |
| Nombre de parte o sección de la obra |
clásicos uruguayos ; |
| Designación de volumen o secuencia |
93. |
| 9 (RLIN) |
16286 |
| 910 ## - DATOS DE OPCIÓN DEL USUARIO (OCLC) |
| Datos de opción del usuario |
Catalogación por copia / LC |